Catálogo

Fisco Agenda / (Registro nro. 24777)

Detalles MARC
000 -LEADER
fixed length control field 01489cam a2200361 i 4500
001 - CONTROL NUMBER
control field 24777
003 - CONTROL NUMBER IDENTIFIER
control field Mx-PuUPA
005 - DATE AND TIME OF LATEST TRANSACTION
control field 20250310100249.0
008 - FIXED-LENGTH DATA ELEMENTS--GENERAL INFORMATION
fixed length control field 140415s2024 mx grgl 000 0 spa d
020 ## - INTERNATIONAL STANDARD BOOK NUMBER
International Standard Book Number 9786075415369
040 ## - CATALOGING SOURCE
Original cataloging agency Mx-PuUPA
Language of cataloging spa
Transcribing agency Mx-PuUPA
Modifying agency Mx-PuUPA
Description conventions rda
041 0# - LANGUAGE CODE
Language code of text/sound track or separate title spa
110 2# - MAIN ENTRY--CORPORATE NAME
Corporate name or jurisdiction name as entry element Ediciones Fiscales ISEF,
9 (RLIN) 6635
Relator term autor
240 10 - UNIFORM TITLE
Uniform title Obras.
Form subheading Fiscales.
245 10 - TITLE STATEMENT
Title Fisco Agenda /
Statement of responsibility, etc. títulos en los artículos, referencias y correlaciones por C.P. Efraín Lechuga Santillán
246 14 - VARYING FORM OF TITLE
Title proper/short title Fisco Agenda 2025.
246 31 - VARYING FORM OF TITLE
Title proper/short title Fisco Agenda ISEF 2025.
250 ## - EDITION STATEMENT
Edition statement 64a. edición /
Remainder of edition statement diciembre
264 #1 - PRODUCTION, PUBLICATION, DISTRIBUTION, MANUFACTURE, AND COPYRIGHT NOTICE
Place of production, publication, distribution, manufacture México, D.F. :
Name of producer, publisher, distributor, manufacturer Editorial ISEF,
Date of production, publication, distribution, manufacture, or copyright notice 2024
300 ## - PHYSICAL DESCRIPTION
Extent 1 volumen (paginación varía) :
Other physical details diagramas, tablas ;
Dimensions 20 cm
336 ## - CONTENT TYPE
Fuente rdacontent
Content type term texto
Content type code txt
337 ## - MEDIA TYPE
Source rdamedia
Media type term sin medio
Media type code n
338 ## - CARRIER TYPE
Source rdacarrier
Carrier type term volumen
Carrier type code nc
500 ## - GENERAL NOTE
General note "Esta edición contiene las disposiciones publicadas hasta la fecha de impresión de este producto". --Portada
505 ## - FORMATTED CONTENTS NOTE
Formatted contents note "+50 Casos prácticos ; RMF y más recursos en línea ; Nuevo: Cuadros esquemas ; Más disposiciones".-- Cubierta
650 #7 - SUBJECT ADDED ENTRY--TOPICAL TERM
Source of heading or term armarc
Topical term or geographic name entry element Impuiestos
Form subdivision Legislación
Geographic subdivision México
650 #7 - SUBJECT ADDED ENTRY--TOPICAL TERM
Source of heading or term armarc
Topical term or geographic name entry element Derecho fiscal
Form subdivision Legislación
Geographic subdivision México
700 1# - ADDED ENTRY--PERSONAL NAME
Personal name Lechuga Santillán, Efraín,
Relator term colaborador
9 (RLIN) 10495
942 ## - ADDED ENTRY ELEMENTS (KOHA)
Source of classification or shelving scheme Dewey Decimal Classification
Koha item type Libro
Classification part 343.7204
Item part F52
Existencias
Withdrawn status Lost status Source of classification or shelving scheme Damaged status Not for loan Collection code Home library Current library Shelving location Date acquired Source of acquisition Total Checkouts Full call number Barcode Checked out Date last seen Date last checked out Price effective from Koha item type
    Dewey Decimal Classification     Magisterial Biblioteca Karol Wojtyla Biblioteca Karol Wojtyla Módulo de circulación 03/12/2013 Compra 3 343.7204 F52 2024 46252 11/03/2026 11/03/2025 11/03/2025 03/12/2013 Magisterial